000 00311nam a22001337a 4500
008 180206b xxu||||| |||| 00| 0 eng d
020 _a9780820546018
041 _aeng
080 _a345.73
100 _a13
101 _aSHJ
245 _aCriminal Law: Cases and Materials
_cSaltzburg, S.A
942 _2udc
_cBK
999 _c41902
_d41902